Premier League 2019-20 First XI - Statistics

General Stats
  • This quiz has been taken 589 times
  • The average score is 95 of 220
Answer Stats
Team Position Player % Correct
Arsenal GK Bernd Leno
92%
Arsenal FW Pierre-Emerick Aubameyang
89%
Manchester City GK Ederson
83%
Arsenal MF Granit Xhaka
83%
Manchester United GK David De Gea
81%
Chelsea GK Kepa Arrizabalaga
81%
Manchester City FW Gabriel Jesus
80%
Manchester City DF Kyle Walker
80%
Tottenham Hotspur GK Hugo Lloris
79%
Manchester City MF Kevin De Bruyne
79%
Manchester City FW Riyad Mahrez
79%
Arsenal DF Sokratis
79%
Manchester City MF David Silva
78%
Manchester City DF John Stones
78%
Manchester City FW Raheem Sterling
78%
Liverpool FW Mohamed Salah
77%
Liverpool GK Alisson
76%
Manchester United FW Anthony Martial
76%
Tottenham Hotspur FW Harry Kane
76%
Liverpool DF Virgil van Dijk
75%
Liverpool DF Andrew Robertson
74%
Manchester United DF Harry Maguire
74%
Manchester City DF Oleksandr Zinchenko
74%
Manchester United MF Paul Pogba
74%
Manchester United DF Victor Lindelöf
74%
Sheffield United GK Dean Henderson
73%
Liverpool MF Jordan Henderson
73%
Chelsea MF Jorginho
73%
Liverpool FW Roberto Firmino
73%
Liverpool DF Trent Alexander-Arnold
72%
Manchester United MF Scott McTominay
71%
Liverpool MF Fabinho
70%
Manchester United DF Luke Shaw
70%
Chelsea MF Mason Mount
70%
Chelsea MF Mateo Kovacic
70%
Chelsea DF Andreas Christensen
69%
Chelsea DF César Azpilicueta
69%
Leicester City FW Jamie Vardy
69%
Liverpool DF Joe Gomez
69%
Leicester City GK Kasper Schmeichel
69%
Tottenham Hotspur DF Davinson Sanchez
68%
Liverpool FW Divock Origi
68%
Everton GK Jordan Pickford
68%
Manchester United MF Marcus Rashford
68%
Liverpool MF Georginio Wijnaldum
67%
Manchester City DF Aymeric Laporte
66%
Tottenham Hotspur FW Lucas Moura
65%
Chelsea FW Tammy Abraham
65%
Arsenal MF Henrikh Mkhitaryan
63%
Tottenham Hotspur DF Toby Alderweireld
63%
Norwich City FW Teemu Pukki
62%
Chelsea DF Emerson
61%
West Ham United GK Lukasz Fabianski
61%
Manchester United DF Aaron Wan-Bissaka
60%
Wolverhampton Wanderers FW Raul Jiménez
60%
Chelsea DF Kurt Zouma
59%
Burnley GK Nick Pope
59%
Wolverhampton Wanderers GK Rui Patricio
59%
Leicester City DF Jonny Evans
58%
Newcastle United GK Martin Dubravka
58%
Leicester City MF Youri Tielemans
58%
Newcastle United DF Fabian Schär
57%
Everton MF Gylfi Sigurdsson
57%
Manchester United MF Andreas Pereira
56%
Leicester City DF Caglar Söyüncü
56%
Leicester City MF James Maddison
56%
Brighton & Hove Albion GK Mat Ryan
56%
Leicester City DF Ricardo Pereira
56%
Wolverhampton Wanderers MF Ruben Neves
55%
Everton DF Yerry Mina
55%
Tottenham Hotspur DF Danny Rose
54%
Tottenham Hotspur MF Moussa Sissoko
54%
Everton MF Richarlison
54%
Everton DF Seamus Coleman
54%
Norwich City GK Tim Krul
54%
Southampton MF James Ward-Prowse
53%
Crystal Palace DF Joel Ward
53%
Crystal Palace FW Jordan Ayew
52%
Newcastle United FW Miguel Almiron
52%
Burnley FW Chris Wood
51%
Everton FW Dominic Calvert-Lewin
51%
Wolverhampton Wanderers MF Joao Moutinho
51%
Newcastle United FW Joelinton
51%
Leicester City MF Wilfred Ndidi
51%
Burnley FW Ashley Barnes
50%
Tottenham Hotspur MF Erik Lamela
49%
Arsenal DF Nacho Monreal
49%
Tottenham Hotspur MF Tanguy Ndombele
49%
Watford GK Ben Foster
48%
Bournemouth FW Callum Wilson
48%
Crystal Palace FW Christian Benteke
48%
Aston Villa MF John McGinn
48%
Arsenal MF Matteo Guendouzi
48%
Everton MF André Gomes
47%
Wolverhampton Wanderers FW Diogo Jota
47%
Tottenham Hotspur MF Harry Winks
47%
Leicester City MF Ayoze Pérez
46%
Arsenal DF Calum Chambers
46%
Crystal Palace GK Vicente Guaita
46%
Wolverhampton Wanderers MF Leander Dendoncker
45%
Brighton & Hove Albion DF Lewis Dunk
45%
Everton DF Lucas Digne
45%
Chelsea MF Pedro
45%
Watford FW Troy Deeney
45%
Wolverhampton Wanderers DF Conor Coady
44%
Southampton FW Danny Ings
44%
Brighton & Hove Albion FW Pascal Groß
44%
Aston Villa MF Jack Grealish
43%
Southampton DF Jan Bednarek
43%
Manchester United MF Jesse Lingard
43%
Bournemouth FW Joshua King
42%
Wolverhampton Wanderers MF Matt Doherty
42%
Everton DF Michael Keane
42%
Manchester City MF Rodrigo
42%
Aston Villa MF Trézéguet
42%
Burnley DF James Tarkowski
40%
Arsenal DF Ainsley Maitland-Niles
39%
Leicester City DF Ben Chilwell
39%
West Ham United MF Declan Rice
39%
Bournemouth MF Adam Smith
38%
Burnley DF Ben Mee
38%
Bournemouth DF Nathan Aké
38%
Wolverhampton Wanderers DF Willy Boly
38%
West Ham United DF Aaron Cresswell
37%
Watford MF Abdoulaye Doucouré
37%
West Ham United MF Manuel Lanzini
37%
Chelsea MF Ross Barkley
37%
West Ham United FW Sébastien Haller
36%
Bournemouth FW Ryan Fraser
35%
Bournemouth GK Aaron Ramsdale
34%
Aston Villa MF Anwar El Ghazi
34%
Crystal Palace MF Luka Milivojevic
34%
Southampton MF Oriol Romeu
34%
Aston Villa GK Tom Heaton
34%
Aston Villa DF Tyrone Mings
34%
Aston Villa FW Wesley
34%
Southampton FW Che Adams
33%
Norwich City MF Emiliano Buendia
33%
Newcastle United DF Jamaal Lascelles
33%
West Ham United MF Michail Antonio
33%
Bournemouth MF Jefferson Lerma
32%
Everton MF Bernard
31%
West Ham United DF Issa Diop
31%
Brighton & Hove Albion DF Shane Duffy
31%
Newcastle United MF Jonjo Shelvey
30%
Bournemouth DF Steve Cook
30%
West Ham United MF Felipe Anderson
29%
Brighton & Hove Albion FW Glenn Murray
29%
Southampton DF Jannik Vestergaard
29%
Arsenal MF Joe Willock
29%
Crystal Palace DF Patrick van Aanholt
29%
Newcastle United MF Sean Longstaff
29%
Norwich City MF Todd Cantwell
29%
Watford FW Andre Gray
27%
Norwich City DF Max Aarons
27%
Burnley MF Dwight McNeil
26%
Crystal Palace MF James McArthur
26%
Burnley MF Johann Gudmundsson
26%
Brighton & Hove Albion DF Dan Burn
25%
West Ham United MF Jack Wilshere
25%
Watford DF José Holebas
25%
Crystal Palace MF Max Meyer
25%
Bournemouth MF Philip Billing
25%
West Ham United DF Fabian Balbuena
24%
Norwich City DF Grant Hanley
24%
Wolverhampton Wanderers MF Jonny
24%
Newcastle United MF Matt Ritchie
24%
Southampton FW Nathan Redmond
24%
Southampton GK Angus Gunn
22%
Sheffield United FW David McGoldrick
22%
Aston Villa DF Ahmed El Mohamady
21%
Burnley MF Ashley Westwood
21%
Brighton & Hove Albion MF Dale Stephens
21%
Southampton DF Jack Stephens
21%
Norwich City DF Jamal Lewis
21%
Aston Villa DF Neil Taylor
21%
Arsenal MF Reiss Nelson
21%
Burnley MF Jack Cork
20%
Sheffield United DF John Egan
20%
Aston Villa MF Conor Hourihane
19%
Sheffield United MF George Baldock
19%
Watford MF Gerard Deulofeu
19%
Sheffield United MF John Lundstram
19%
Burnley DF Erik Pieters
18%
Watford DF Craig Dawson
17%
Watford MF Etienne Capoue
17%
Sheffield United MF John Fleck
17%
Crystal Palace DF Martin Kelly
17%
Burnley DF Matthew Lowton
17%
Everton MF Morgan Schneiderlin
17%
Sheffield United MF Oliver Norwood
17%
Brighton & Hove Albion MF Solly March
17%
Watford MF Will Hughes
17%
Brighton & Hove Albion MF Davy Pröpper
16%
Newcastle United MF Javier Manquillo
16%
Southampton MF Ryan Bertrand
16%
West Ham United DF Ryan Fredericks
16%
Crystal Palace MF Andros Townsend
15%
Aston Villa DF Björn Engels
15%
Sheffield United FW Callum Robinson
15%
Sheffield United DF Chris Basham
15%
Bournemouth DF Chris Mepham
15%
Newcastle United DF Paul Dummett
15%
Crystal Palace DF Scott Dann
15%
Sheffield United MF Enda Stevens
14%
Norwich City DF Ben Godfrey
13%
Watford DF Craig Cathcart
13%
Tottenham Hotspur DF Kyle Walker-Peters
13%
Bournemouth MF Diego Rico
12%
Newcastle United MF Isaac Hayden
12%
Watford DF Kiko Femenia
12%
Sheffield United DF Jack O'Connell
11%
Norwich City MF Kenny McLean
10%
Wolverhampton Wanderers DF Ryan Bennett
10%
Southampton MF Yan Valery
10%
Norwich City MF Marco Stiepermann
9%
Brighton & Hove Albion FW Jürgen Locadia
7%
Brighton & Hove Albion MF Martin Montoya
7%
Leicester City MF Hamza Choudhury
6%
Norwich City MF Tom Trybull
4%
No matching quizzes found
Score Distribution
Percent of People with Each Score
Percentile by Number Answered
Your Score History
You have not taken this quiz